| 000 | 00709nam a2200229 a 4500 | ||
|---|---|---|---|
| 001 | BRCA_7753 | ||
| 005 | 20190320205957.0 | ||
| 008 | 120913s1955----sp-ae#####---#000-0#eng-# | ||
| 041 | _aeng | ||
| 044 | _asp | ||
| 050 | 4 |
_aDP402.S2 _b.L67 1955 |
|
| 100 | 1 |
_aLópez y López, Román _919189 |
|
| 245 | 1 | 0 |
_aSantiago de Compostela _bthe pilgrim´s and the tourist´s guidebook _cby Román López y López. |
| 250 | _a9 | ||
| 260 |
_aSantiago _bEl Eco Franciscano _c[195?] |
||
| 300 |
_a165 p. _bil., láminas, planos, mapas _c21 cm. |
||
| 500 | _aU107 | ||
| 651 | 4 |
_aSantiago de Compostela, España _xDescripción _918320 |
|
| 651 | 4 |
_aEspaña _xDescripción y viajes _97912 |
|
| 902 | _aGFM | ||
| 942 |
_2lcc _cB |
||
| 999 |
_c7427 _d7427 |
||